[Event "AUT-ch Vor4 Internet"]
[Site "Playchess.com INT"]
[Date "2020.04.25"]
[Round "6"]
[White "Gallob, Marko"]
[Black "Kratochwill, Christian"]
[Result "0-1"]
[WhiteElo "1961"]
[BlackElo "1717"]
[PlyCount "112"]
[EventDate "2020.04.25"]
[EventType "swiss (blitz)"]
[EventRounds "9"]
[EventCountry "AUT"]
[SourceTitle "EXT 2021"]
[Source "ChessBase"]
[SourceDate "2020.10.23"]
[SourceVersion "1"]
[SourceVersionDate "2020.10.23"]
[SourceQuality "1"]

1. e4 c5 2. Nf3 Nc6 3. d4 cxd4 4. Nxd4 e5 5. Nb5 Nf6 6. Nd6+ Bxd6 7. Qxd6 Qe7 8. Qd3 Qb4+ 9. Nc3 0-0 10. a3 Qa5 11. Bd2 Qd8 12. Be2 h6 13. 0-0 d6 14. Kh1 Be6 15. f4 exf4 16. Bxf4 d5 17. e5 Nd7 18. Qg3 Qc7 19. Bxh6 Qxe5 20. Rae1 Qxg3 21. hxg3 gxh6 22. Rf4 Nce5 23. Rh4 Kg7 24. Nb5 Ng6 25. Rb4 a5 26. Rb3 Nc5 27. Re3 Ne4 28. Nd4 Bd7 29. Kg1 Ne5 30. Rb3 Rab8 31. Rb6 Nxg3 32. Bd1 Ne4 33. Ne2 Nc4 34. Rb3 a4 35. Rd3 Nxb2 36. Rxd5 Bc6 37. Re5 Nc4 38. Rf5 Rbe8 39. Nf4 Ng3 40. Rxe8 Nxf5 41. Re2 Nce3 42. Nh5+ Kg6 43. Nf4+ Kg5 44. Nh3+ Kf6 45. Rf2 Bxg2 46. Bh5 Bxh3 47. Rf3 Bg4 48. Bxg4 Nxg4 49. Kg2 h5 50. Kh3 Rg8 51. Rf4 Rg5 52. Rxa4 Kg6 53. Rb4 Nf2+ 54. Kh2 Ne3 55. Rb6+ f6 56. Rxb7 Nf1# 0-1

[Event "AUT-ch Vor4 Internet"]
[Site "Playchess.com INT"]
[Date "2020.04.25"]
[Round "1"]
[White "Kratochwill, Christian"]
[Black "Hofstadler, Mario"]
[Result "0-1"]
[WhiteElo "1717"]
[BlackElo "1867"]
[PlyCount "110"]
[EventDate "2020.04.25"]
[EventType "swiss (blitz)"]
[EventRounds "9"]
[EventCountry "AUT"]
[SourceTitle "EXT 2021"]
[Source "ChessBase"]
[SourceDate "2020.10.23"]
[SourceVersion "1"]
[SourceVersionDate "2020.10.23"]
[SourceQuality "1"]

1. e4 c6 2. d4 d5 3. e5 Bf5 4. Nf3 e6 5. a3 Ne7 6. c4 Nd7 7. Nc3 dxc4 8. Bxc4 Nd5 9. Nxd5 cxd5 10. Bb5 a6 11. Bd3 Bg6 12. 0-0 Be7 13. Qe2 0-0 14. Bf4 Rc8 15. Rfc1 Qb6 16. b3 Bh5 17. Be3 Bg6 18. b4 Qa7 19. Rc2 b5 20. Rac1 Nb6 21. Bxg6 hxg6 22. Bg5 Nc4 23. Bxe7 Qxe7 24. Qd2 Rfd8 25. Qg5 Kf8 26. Qg3 Ke8 27. Ng5 Kd7 28. Nf3 Nxa3 29. Rxc8 Rxc8 30. Rxc8 Kxc8 31. h4 Nc4 32. Ng5 Kb7 33. Qf4 f6 34. exf6 gxf6 35. Nf3 e5 36. dxe5 fxe5 37. Qg5 Qxg5 38. hxg5 a5 39. bxa5 b4 40. Ne1 b3 41. Nd3 b2 42. Nxb2 Nxb2 43. g3 Nc4 44. f4 exf4 45. gxf4 Nd6 46. Kf2 Nf5 47. Kf3 d4 48. Ke4 Ka6 49. Kd5 Kxa5 50. Kc4 Kb6 51. Kd3 Kc5 52. Kd2 Kc4 53. Kc2 d3+ 54. Kd2 Kd4 55. Ke1 Ke4 0-1